Ave Maria law review

Detalles Bibliográficos
Autor Corporativo: Ave Maria School of Law
Formato: Desconocido
Lenguaje:inglés
Publicado: Ann Arbor : Ave Maria Law Review
Materias:
Acceso en línea:Acceso restringido

MARC

LEADER 00000ny a22000003n 4500
005 20110512104442.0
006 sar p s g 0 b0
007 cr cnu---m|a|a
008 091216s us 000 0 eng d
022 |a 1541-4221 
035 |a 3159 
040 |a SpMaUCDE  |d vLex 
080 |a 34(05)(086) 
090 |c 1733  |d 1733 
245 0 0 |a Ave Maria law review  |h [Recurso electrn̤ico] 
256 |a Servicio en ln̕ea 
260 |a Ann Arbor :  |b Ave Maria Law Review 
310 |a Anual 
506 1 |a Contenido solo disponible en los productos indicados  |d vLex Global  |d vLex Global (Academic Edition, excluding Law Schools)  |d vLex Global (Academic Edition, Law Schools) 
650 0 4 |a Derecho y moral  |x Publicaciones perid̤icas 
650 0 4 |a Derecho  |x Aspecto moral  |x Publicaciones perid̤icas 
650 0 4 |a Derecho  |x Aspecto religioso  |x Publicaciones perid̤icas 
710 2 |a Ave Maria School of Law 
740 0 |a vLex Revista (Servicios en ln̕ea) 
843 |a Electrn̤ica. Abierta 
853 |8 1  |i (year)  |j (month)  |k (day) 
856 4 0 |u http://vlex.com/source/3159  |z Acceso restringido 
942 |c REV 
999 0 4 |a Derecho-  |v En ln̕ea